Daft Punk Albums - Statistics

General Stats
  • This quiz has been taken 129 times
  • The average score is 6 of 6
Answer Stats
Release Year Answer % Correct
2013 Random Access Memories
98%
2001 Discovery
97%
1997 Homework
97%
2005 Human After All
94%
2001 Alive
83%
2007 Alive
83%
No matching quizzes found
Score Distribution
Percent of People with Each Score
Percentile by Number Answered
Your Score History
You have not taken this quiz